Eileen : a romantic comic opera /

Bibliographic Details
Main Author: Herbert, Victor, 1859-1924
Corporate Authors: Orchestra of Ireland (Performer), St. Patrick's Cathedral (Dublin, Ireland). Choristers (Performer), Anthology of Recorded Music, Inc
Other Authors: Blossom, Henry, 1866-1919 (Librettist, Lyricist), Lee, Lynda (Vocalist), O'Sullivan, Mary (Mary Edel) (Vocalist), Kelly, Rachel, 1987- (Vocalist), Mulhall, Eamonn (Vocalist), Power, Dean (Vocalist), Ashwin, Andrew (Baritone) (Vocalist), Corbett, Joe (Vocalist), O'Reilly, Philip (Vocalist), Harpur, Karl, 1979- (Actor), Brophy, David (Conductor) (Conductor)
Format: CD Audio
Language:English
Published: Brooklyn, NY : New World Records, [2012]
Series:Foundations of the American musical theater.
Subjects:

MARC

Tag First Indicator Second Indicator Subfields
LEADER 00000cjm a2200000Ia 4500
001 in00002787426
005 20151202172138.0
007 sd fungnnmmneu
008 120927p20122011nyuopnn abdfhi n eng d
024 1 |a 093228073321 
024 7 |a 00093228073321  |2 gtin-14 
028 0 2 |a 80733-2  |b New World Records 
033 2 0 |a 20110822  |a 20110824  |b 5784  |c D8 
035 |a (OCoLC)ocn811593113 
035 |a (OCoLC)811593113 
040 |a BTCTA  |b eng  |c BTCTA  |d TDF  |d MYG  |d CPL  |d OCLCA  |d VRC  |d RBN  |d TXA  |d UtOrBLW 
045 0 |b d1917 
049 |a TXAM 
050 1 4 |a M1500.H47  |b E35 2012 
100 1 |a Herbert, Victor,  |d 1859-1924. 
245 1 0 |a Eileen :  |b a romantic comic opera /  |c Victor Herbert. 
264 1 |a Brooklyn, NY :  |b New World Records,  |c [2012] 
264 4 |c ℗2012 
300 |a 2 sound discs (102 min.) :  |b digital ;  |c 4 3/4 in. 
306 |a 014200 
336 |a performed music  |b prm  |2 rdacontent 
337 |a audio  |b s  |2 rdamedia 
338 |a audio disc  |b sd  |2 rdacarrier 
490 1 |a The foundations of the American musical theater 
500 |a Book and lyrics by Henry Blossom. 
511 0 |a Lynda Lee, Mary O'Sullivan, Rachel Kelly, sopranos; Eamonn Mulhall, Dean Power, tenors; Andrew Ashwin, Joe Corbett, baritones; Philip O'Reilly, bass; Karl Harpur, actor; Orchestra of Ireland; the Boy Choristers of Saint Patrick's Cathedral, Dublin; David Brophy, conductor. 
500 |a "Anthology of Recorded Music, Inc."--Container. 
518 |a Recorded Aug. 22-24, 2011, National Concert Hall, Dublin, Ireland. 
500 |a Compact discs. 
500 |a Program notes by Larry Moore and Sean O'Donoghue, synopsis, biographical notes on the performers, selected discography and bibliography, and libretto (59 pages) inserted in container. 
500 |a Sound recording. 
650 0 |a Operas. 
700 1 |a Blossom, Henry,  |d 1866-1919,  |e librettist,  |e lyricist. 
700 1 |a Lee, Lynda,  |e vocalist. 
700 1 |a O'Sullivan, Mary  |q (Mary Edel),  |e vocalist. 
700 1 |a Kelly, Rachel,  |d 1987-  |e vocalist. 
700 1 |a Mulhall, Eamonn,  |e vocalist. 
700 1 |a Power, Dean,  |e vocalist. 
700 1 |a Ashwin, Andrew  |c (Baritone),  |e vocalist. 
700 1 |a Corbett, Joe,  |e vocalist. 
700 1 |a O'Reilly, Philip,  |e vocalist. 
700 1 |a Harpur, Karl,  |d 1979-  |e actor. 
700 1 |a Brophy, David  |c (Conductor),  |e conductor. 
710 2 |a Orchestra of Ireland,  |e performer. 
710 2 |a St. Patrick's Cathedral (Dublin, Ireland).  |b Choristers,  |e performer. 
710 2 |a Anthology of Recorded Music, Inc. 
830 0 |a Foundations of the American musical theater. 
948 |a cataloged  |b h  |c 2012/12/19  |d c  |e jolivare  |f 9:36:29 am 
994 |a C0  |b TXA 
999 |a MARS 
999 f f |s 7d784765-e385-37fa-8b30-472868aae461  |i da27002d-2cde-300a-900b-61dbecb1519c  |t 0 
952 f f |p ric  |a Texas A&M University  |b Rellis Campus  |c Joint Library Facility  |d Remote Storage  |t 0  |e M1500.H47 E35 2012  |h Library of Congress classification  |i audio -- audio disc  |m A14841656427 
998 f f |a M1500.H47 E35 2012  |t 0  |l Remote Storage